00489nam a2200157Ia 4500008004100000082000900041100005700050245001500107250000600122260005100128300000800179600005700187630001500244700005700259730001500316090124s9999 xx 000 0 und d b9642 aखानोलकर चिं. त्र्यं. a बाप a1 bप्रमोद प्रकाशनc1978 a128 aखानोलकर चिं. त्र्यं. a बाप aखानोलकर चिं. त्र्यं. a बाप